00424nam a2200157Ia 4500008004100000020001500041082001200056100001900068245001900087250000800106260003600114300002600150500001900176600002100195650005000216240925s9999 xx 000 0 und d a812031171X a004 ROS aRosch ,Winn L. 0aHardware Bible a3rd aLondon:bPrentice, Hallc,1997. axi,502p.bNAfPirated aIncludes Index aComputer Science aComputer science, information & general works